[Event "5. OPEN International Championship of Vo"]
[Site "Novi Sad - MASTER CENTAR - SAJ"]
[Date "2014.07.12"]
[Round "2.1"]
[White "Kovacevic, Sinisa"]
[Black "Atalik, Suat"]
[Result "0-1"]
[WhiteElo "2224"]
[BlackElo "2550"]
[PlyCount "47"]
[EventDate "2014.07.12"]

1. d4 Nf6 2. c4 c5 3. Nf3 cxd4 4. Nxd4 e6 5. Nc3 Bb4 6. Qc2 O-O 7. e3 Nc6 8. a3
Nxd4 9. exd4 Bxc3+ 10. Qxc3 b6 11. Bd3 Ba6 12. b4 Rc8 13. Qb3 Qc7 14. b5 Bb7
15. Bg5 Bxg2 16. Bxf6 gxf6 17. Rg1 Qxh2 18. O-O-O Kh8 19. Qc2 Rg8 20. Kb1 Bf3
21. Rxg8+ Rxg8 22. Rf1 Qf4 23. Qb2 h5 24. Ka2 0-1

[Event "5. OPEN International Championship of Vo"]
[Site "Novi Sad - MASTER CENTAR - SAJ"]
[Date "2014.07.12"]
[Round "2.2"]
[White "Popovic, Dusan"]
[Black "Popovic, Milan S"]
[Result "1-0"]
[WhiteElo "2527"]
[BlackElo "2218"]
[PlyCount "63"]
[EventDate "2014.07.12"]

1. e4 c5 2. Nf3 d6 3. d4 cxd4 4. Nxd4 Nf6 5. Nc3 a6 6. Bg5 Nbd7 7. f4 Qc7 8.
Qf3 h6 9. Bxf6 Nxf6 10. f5 e5 11. fxe6 fxe6 12. O-O-O Bd7 13. g3 Be7 14. Bh3
Qc8 15. Nce2 e5 16. Bxd7+ Qxd7 17. Nf5 O-O 18. g4 Rac8 19. h4 Rc7 20. g5 Ne8
21. gxh6 g6 22. Qg2 Kh7 23. Nxe7 Qxe7 24. Nc3 Nf6 25. Rhg1 Rg8 26. Rdf1 Rcc8
27. Qg5 Rcf8 28. h5 gxh5 29. Qf5+ Kh8 30. Rxg8+ Kxg8 31. Rg1+ Kh8 32. Rg7 1-0

[Event "5. OPEN International Championship of Vo"]
[Site "Novi Sad - MASTER CENTAR - SAJ"]
[Date "2014.07.12"]
[Round "2.3"]
[White "Savic, Miodrag R"]
[Black "Ilijc, Milan"]
[Result "1-0"]
[WhiteElo "2522"]
[BlackElo "2211"]
[PlyCount "73"]
[EventDate "2014.07.12"]

1. e4 d6 2. Bc4 Nf6 3. d3 c6 4. Bb3 g6 5. Nf3 Bg7 6. O-O O-O 7. c3 Nbd7 8. Re1
e5 9. Nbd2 Nh5 10. d4 Qe7 11. Nc4 h6 12. dxe5 dxe5 13. Qd6 Qxd6 14. Nxd6 Nc5
15. Bc2 Rd8 16. Nxc8 Raxc8 17. Be3 b6 18. Red1 Ne6 19. g3 Rxd1+ 20. Rxd1 Rd8
21. Ra1 f6 22. Bb3 Kf7 23. Nh4 g5 24. Nf5 Rd7 25. Rd1 Rxd1+ 26. Bxd1 Kg6 27.
Ne7+ Kf7 28. Nxc6 Kg6 29. Nxa7 Nc5 30. Bxc5 bxc5 31. c4 Bf8 32. Bxh5+ Kxh5 33.
Nc8 Kg6 34. a4 Kf7 35. a5 Ke8 36. a6 Kd7 37. a7 1-0

[Event "5. OPEN International Championship of Vo"]
[Site "Novi Sad - MASTER CENTAR - SAJ"]
[Date "2014.07.12"]
[Round "2.4"]
[White "Dostan, Janos"]
[Black "Azaladze, Shota"]
[Result "0-1"]
[WhiteElo "2210"]
[BlackElo "2499"]
[PlyCount "56"]
[EventDate "2014.07.12"]

1. e4 c6 2. d4 d5 3. f3 dxe4 4. fxe4 e5 5. Nf3 Bg4 6. Bc4 Nd7 7. c3 b5 8. Bb3
Ngf6 9. O-O Bd6 10. Qe2 O-O 11. Bg5 Qb6 12. Nbd2 c5 13. dxc5 Nxc5 14. Kh1 Nxb3
15. axb3 Nd7 16. h3 Bh5 17. g4 Bg6 18. Nh4 f6 19. Be3 Bc5 20. Ng2 a5 21. Qd3
Rad8 22. b4 axb4 23. cxb4 Bxe3 24. Nxe3 Nb8 25. Nd5 Qb7 26. Rfd1 Nc6 27. Qa3
Nd4 28. Qa6 Bxe4+ 0-1

[Event "5. OPEN International Championship of Vo"]
[Site "Novi Sad - MASTER CENTAR - SAJ"]
[Date "2014.07.12"]
[Round "2.5"]
[White "Kadric, Denis"]
[Black "Elez, Nikola"]
[Result "1/2-1/2"]
[WhiteElo "2494"]
[BlackElo "2207"]
[PlyCount "57"]
[EventDate "2014.07.12"]

1. e4 g6 2. d4 Bg7 3. Nc3 Nc6 4. Be3 d5 5. e5 f6 6. f4 fxe5 7. fxe5 Nh6 8. Qd2
Nf5 9. Nf3 Nxe3 10. Qxe3 Bg4 11. O-O-O e6 12. Be2 O-O 13. h4 Ne7 14. Ng5 Nf5
15. Qd2 Bxe2 16. Nxe2 Bh6 17. g3 Qe7 18. Kb1 b6 19. Rh3 c5 20. c3 cxd4 21. cxd4
Rac8 22. Ng1 Rc4 23. N1f3 Rfc8 24. g4 Bxg5 25. hxg5 Rc2 26. Qe1 Qd7 27. Rh2
Rxh2 28. Nxh2 Ne7 29. Qd2 1/2-1/2

[Event "5. OPEN International Championship of Vo"]
[Site "Novi Sad - MASTER CENTAR - SAJ"]
[Date "2014.07.12"]
[Round "2.6"]
[White "Babic, Radoslav"]
[Black "Radlovacki, Jovan"]
[Result "1/2-1/2"]
[WhiteElo "2200"]
[BlackElo "2443"]
[PlyCount "75"]
[EventDate "2014.07.12"]

1. d4 Nf6 2. Nf3 d6 3. g3 c6 4. Bg2 Nbd7 5. O-O e5 6. dxe5 dxe5 7. b3 Bc5 8.
Bb2 Qe7 9. e3 O-O 10. Nbd2 Rd8 11. a4 h6 12. e4 b5 13. Qe2 a6 14. h3 Rb8 15.
Ne1 Bb7 16. Nd3 Bb6 17. Kh2 c5 18. axb5 axb5 19. c4 b4 20. Rfd1 Bc7 21. Nf1 Ra8
22. Ne3 g6 23. Nd5 Nxd5 24. exd5 Bd6 25. Qe3 Kh7 26. Rxa8 Rxa8 27. Bc1 Qf8 28.
Bb2 Qe7 29. Bc1 h5 30. Be4 Qf8 31. f4 exf4 32. Nxf4 Re8 33. Nxg6 fxg6 34. Bxg6+
Kxg6 35. Qg5+ Kh7 36. Qxh5+ Kg8 37. Qg6+ Kh8 38. Qh5+ 1/2-1/2

[Event "5. OPEN International Championship of Vo"]
[Site "Novi Sad - MASTER CENTAR - SAJ"]
[Date "2014.07.12"]
[Round "2.7"]
[White "Nestorovic, Nikola"]
[Black "Banovic, Ivan"]
[Result "1/2-1/2"]
[WhiteElo "2439"]
[BlackElo "2197"]
[PlyCount "68"]
[EventDate "2014.07.12"]

1. e4 c5 2. Nf3 d6 3. d4 cxd4 4. Qxd4 a6 5. h3 Nc6 6. Qe3 Nf6 7. c4 g6 8. Nc3
Bg7 9. Be2 O-O 10. O-O Nd7 11. Rb1 a5 12. b3 Nc5 13. Bb2 f5 14. exf5 Bxf5 15.
Rbd1 a4 16. Nxa4 Nxa4 17. Bxg7 Kxg7 18. bxa4 Rxa4 19. Qc3+ e5 20. c5 d5 21.
Nxe5 Qf6 22. f4 Rxa2 23. Bf3 Rc2 24. Qb3 Nxe5 25. fxe5 Qxe5 26. Rxd5 Qb2 27.
Qxb2+ Rxb2 28. Rf2 Rb1+ 29. Kh2 Rf7 30. Re2 Rc1 31. Re8 Bd7 32. Re3 Bc6 33.
Rde5 Bxf3 34. gxf3 Kh6 1/2-1/2

[Event "5. OPEN International Championship of Vo"]
[Site "Novi Sad - MASTER CENTAR - SAJ"]
[Date "2014.07.12"]
[Round "2.8"]
[White "Arsovic, Zoran"]
[Black "Erden, Kadir"]
[Result "1-0"]
[WhiteElo "2433"]
[BlackElo "2181"]
[PlyCount "77"]
[EventDate "2014.07.12"]

1. Nf3 Nf6 2. c4 d6 3. d4 Nbd7 4. Nc3 e5 5. e4 Be7 6. Be2 O-O 7. O-O c6 8. Be3
Qe8 9. h3 Bd8 10. dxe5 dxe5 11. b4 a5 12. a3 Qe7 13. Qb3 Bc7 14. Rad1 axb4 15.
axb4 Rd8 16. Nh4 g6 17. Nf3 Nf8 18. Rxd8 Qxd8 19. Rd1 N6d7 20. c5 Qe7 21. Ng5
Nf6 22. Bc4 Be6 23. Nxe6 Nxe6 24. Bxe6 fxe6 25. b5 Rd8 26. b6 Rxd1+ 27. Qxd1
Bd8 28. Bg5 Kf7 29. Na4 Qe8 30. Nb2 Be7 31. Nc4 Qb8 32. Qf3 Kg7 33. Nd6 h6 34.
Bxf6+ Bxf6 35. Qb3 Be7 36. Qxe6 Bxd6 37. cxd6 Qd8 38. Qxe5+ Kf7 39. g3 1-0

[Event "5. OPEN International Championship of Vo"]
[Site "Novi Sad - MASTER CENTAR - SAJ"]
[Date "2014.07.12"]
[Round "2.9"]
[White "Drazic, Sinisa"]
[Black "Rajak, Luka"]
[Result "1-0"]
[WhiteElo "2430"]
[BlackElo "2161"]
[PlyCount "91"]
[EventDate "2014.07.12"]

1. e4 c5 2. Nf3 d6 3. Bc4 Nc6 4. O-O Nf6 5. d3 e6 6. c3 Be7 7. Bb3 Qc7 8. Re1
O-O 9. Bg5 a5 10. Nbd2 b5 11. a4 bxa4 12. Bxa4 Ba6 13. Qc2 Rfb8 14. Bxc6 Qxc6
15. Nc4 Bxc4 16. dxc4 h6 17. Bh4 Qb7 18. Ra2 Ra6 19. h3 Rb6 20. Re2 Qa6 21. Qa4
g5 22. Bg3 e5 23. Nh2 Nh5 24. Ng4 Bf8 25. Ne3 Nf6 26. f3 Kh7 27. Kf2 Kg6 28.
Rd2 Ra8 29. Ke2 Qc8 30. Bf2 Nh5 31. Kd3 Nf4+ 32. Kc2 h5 33. Bg3 Nxg2 34. Rxg2
Qxh3 35. Kd3 h4 36. Bf2 Rab8 37. Qc2 Qh1 38. Ke2 a4 39. Rg1 Qh3 40. Rb1 Qd7 41.
Rxa4 Rxb2 42. Rxb2 Rxb2 43. Qxb2 Qxa4 44. Kf1 Bh6 45. Kg2 g4 46. Nxg4 1-0

[Event "5. OPEN International Championship of Vo"]
[Site "Novi Sad - MASTER CENTAR - SAJ"]
[Date "2014.07.12"]
[Round "2.10"]
[White "Remecki, Sinisa"]
[Black "Tosic, Miroslav"]
[Result "0-1"]
[WhiteElo "2186"]
[BlackElo "2427"]
[PlyCount "52"]
[EventDate "2014.07.12"]

1. e4 c5 2. Nc3 Nc6 3. f4 g6 4. Nf3 Bg7 5. Bc4 d6 6. O-O Nf6 7. d3 O-O 8. Qe1
e6 9. Bb3 Nd4 10. Nxd4 cxd4 11. Ne2 Qb6 12. Qh4 Nxe4 13. dxe4 d3+ 14. Kh1 dxe2
15. Re1 Qa6 16. Qf2 Bd7 17. Qxe2 Qxe2 18. Rxe2 Bc6 19. c3 Rfe8 20. Bd2 Rac8 21.
Kg1 Bf8 22. Be1 d5 23. exd5 Bxd5 24. Bf2 Bxb3 25. axb3 a6 26. Ra4 Bg7 {dalje
necitko...45 moves} 0-1

[Event "5. OPEN International Championship of Vo"]
[Site "Novi Sad - MASTER CENTAR - SAJ"]
[Date "2014.07.12"]
[Round "2.11"]
[White "Dokic, Zoran"]
[Black "Nestorovic, Dejan"]
[Result "0-1"]
[WhiteElo "2163"]
[BlackElo "2408"]
[PlyCount "78"]
[EventDate "2014.07.12"]

1. e4 c5 2. Nf3 e6 3. g3 Nc6 4. d3 Nf6 5. Bg2 d6 6. O-O Be7 7. Nbd2 O-O 8. Re1
Qc7 9. h3 b6 10. Nf1 Bb7 11. g4 Nd7 12. Bf4 Nde5 13. c3 Ba6 14. c4 Bf6 15. Qd2
b5 16. Nxe5 Bxe5 17. Rac1 Bxf4 18. Qxf4 Ne5 19. Red1 bxc4 20. dxc4 Bxc4 21. Qd2
Bxf1 22. Kxf1 Rfd8 23. f4 Ng6 24. Qf2 Qe7 25. e5 d5 26. f5 Nxe5 27. Qxc5 Qf6
28. Kg1 exf5 29. Rxd5 Rxd5 30. Bxd5 Rd8 31. Rd1 fxg4 32. Qxa7 gxh3 33. Qf2 Qg6+
34. Kf1 h5 35. Qe2 Qf5+ 36. Qf2 Qg4 37. Rd4 Rxd5 38. Rxg4 Nxg4 39. Qe2 Rd1+ 0-1

[Event "5. OPEN International Championship of Vo"]
[Site "Novi Sad - MASTER CENTAR - SAJ"]
[Date "2014.07.12"]
[Round "2.12"]
[White "Saric, Sinisa"]
[Black "Zlatic, Milan"]
[Result "1-0"]
[WhiteElo "2400"]
[BlackElo "2157"]
[PlyCount "75"]
[EventDate "2014.07.12"]

1. d4 Nf6 2. c4 e6 3. Nc3 Bb4 4. Qc2 c5 5. dxc5 Na6 6. Nf3 Nxc5 7. g3 Nce4 8.
Bg2 Nxc3 9. bxc3 Be7 10. O-O O-O 11. e4 d6 12. e5 dxe5 13. Nxe5 Qa5 14. Qe2 Nd7
15. Nxd7 Bxd7 16. Bxb7 Rab8 17. Bg2 Qxc3 18. Be3 Rb2 19. Qd1 Rd8 20. Bd4 Qc2
21. Bxb2 Qxb2 22. Qb3 Qe5 23. Qb7 Qc5 24. Rad1 Bc8 25. Rxd8+ Bxd8 26. Qb5 Qe7
27. c5 Bc7 28. Bb7 Bd7 29. Bc6 Bc8 30. Rd1 a6 31. Qc4 h5 32. Kg2 h4 33. Qxh4
Qxc5 34. Be4 f5 35. Bf3 Bb6 36. Rd2 a5 37. Qa4 Qe7 38. Qc6 1-0

[Event "5. OPEN International Championship of Vo"]
[Site "Novi Sad - MASTER CENTAR - SAJ"]
[Date "2014.07.12"]
[Round "2.13"]
[White "Jakovljevic, Zoran N"]
[Black "Leskur, Dejan"]
[Result "1/2-1/2"]
[WhiteElo "2157"]
[BlackElo "2393"]
[PlyCount "30"]
[EventDate "2014.07.12"]

1. e4 g6 2. d4 Bg7 3. Nc3 d6 4. Nf3 Nf6 5. Bd3 O-O 6. O-O Bg4 7. h3 Bxf3 8.
Qxf3 Nc6 9. Be3 e5 10. dxe5 Nxe5 11. Qe2 Re8 12. Rad1 c6 13. f4 Nxd3 14. cxd3
Qa5 15. Bd4 Rad8 1/2-1/2

[Event "5. OPEN International Championship of Vo"]
[Site "Novi Sad - MASTER CENTAR - SAJ"]
[Date "2014.07.12"]
[Round "2.14"]
[White "Liou, Yian"]
[Black "Lukajic, Bojan"]
[Result "1-0"]
[WhiteElo "2387"]
[BlackElo "2153"]
[PlyCount "63"]
[EventDate "2014.07.12"]

1. e4 c5 2. Nc3 e5 3. Bc4 d6 4. d3 Be7 5. Nge2 Nf6 6. O-O O-O 7. f4 exf4 8.
Nxf4 Nc6 9. h3 Ne5 10. Bb3 b5 11. Nxb5 Ba6 12. a4 c4 13. Bxc4 Nxc4 14. dxc4
Nxe4 15. Nd5 Bg5 16. Qg4 Bxc1 17. Raxc1 Bxb5 18. axb5 Nc5 19. Rce1 Ne6 20. b3
Kh8 21. Rf2 Qd7 22. Nf4 f5 23. Qh4 g5 24. Ng6+ Kg7 25. Nxf8 Rxf8 26. Qg3 h5 27.
Rfe2 Rf6 28. Rxe6 Rxe6 29. Qxg5+ Kh8 30. Qxh5+ Kg8 31. Qg5+ Kh8 32. Rf1 1-0

[Event "5. OPEN International Championship of Vo"]
[Site "Novi Sad - MASTER CENTAR - SAJ"]
[Date "2014.07.12"]
[Round "2.15"]
[White "Jovanovic, Milenko"]
[Black "Cabarkapa, Novak"]
[Result "0-1"]
[WhiteElo "2154"]
[BlackElo "2386"]
[PlyCount "102"]
[EventDate "2014.07.12"]

1. d4 Nf6 2. c4 g6 3. g3 Bg7 4. Bg2 d5 5. Nc3 dxc4 6. Qa4+ Nfd7 7. Nf3 Nc6 8.
Qxc4 Nb6 9. Qb5 a6 10. Qd3 Nxd4 11. Nxd4 Qxd4 12. Qc2 O-O 13. O-O Qc4 14. Bd2
Rd8 15. Rfd1 Bf5 16. e4 Bg4 17. f3 Be6 18. Be3 Bd4 19. Rxd4 Rxd4 20. Bf1 Qb4
21. a3 Qd6 22. Qf2 Rd8 23. Bxd4 Qxd4 24. Rd1 Qxf2+ 25. Kxf2 Rxd1 26. Nxd1 Bb3
27. Nc3 e5 28. f4 f6 29. Be2 Kf7 30. Bd1 Bxd1 31. Nxd1 Ke6 32. Ke2 Kd6 33. Kd3
Nd7 34. b4 b5 35. Ne3 Nb6 36. f5 g5 37. h4 gxh4 38. gxh4 c6 39. h5 Nc8 40. Nf1
Ke7 41. Nd2 Nd6 42. Nb3 Nc4 43. Nc5 Nxa3 44. Nxa6 Nc4 45. Nc5 Nb6 46. Ne6 Nd7
47. h6 Nb6 48. Nc5 Nc4 49. Na6 Kd8 50. Nc5 Nd6 51. Ne6+ Ke7 0-1

[Event "5. OPEN International Championship of Vo"]
[Site "Novi Sad - MASTER CENTAR - SAJ"]
[Date "2014.07.12"]
[Round "2.16"]
[White "Ratkovic, Miloje"]
[Black "Jovicic, Radosav"]
[Result "1-0"]
[WhiteElo "2383"]
[BlackElo "2141"]
[PlyCount "127"]
[EventDate "2014.07.12"]

1. d4 Nf6 2. Nf3 g6 3. c3 Bg7 4. Bf4 O-O 5. e3 d6 6. h3 Qe8 7. Be2 Nc6 8. O-O
e5 9. Bh2 a6 10. a4 Kh8 11. dxe5 dxe5 12. Na3 Nd7 13. Nc4 f6 14. b4 Ne7 15.
Nfd2 Nd5 16. Qb3 N5b6 17. a5 Nxc4 18. Bxc4 Qe7 19. Rfd1 f5 20. Ra2 Nf6 21. Nf3
Ne4 22. Qa3 g5 23. Nd2 Nd6 24. Bf1 f4 25. c4 Nf5 26. Ne4 Nh4 27. b5 Qf7 28.
Rad2 Qg6 29. Rd8 Bf5 30. Rxa8 Rxa8 31. Qe7 h6 32. Rd8+ Rxd8 33. Qxd8+ Kh7 34.
Nc5 g4 35. e4 g3 36. fxg3 fxg3 37. Qxh4 gxh2+ 38. Kxh2 Bc8 39. Qd8 Qd6 40. Qxc8
Qxc5 41. Qf5+ Kh8 42. Be2 Qe3 43. Bg4 Qf4+ 44. Qxf4 exf4 45. Bc8 axb5 46. cxb5
Bc3 47. a6 bxa6 48. bxa6 Bd4 49. h4 Kg7 50. Kh3 h5 51. Bd7 Kf6 52. Be8 Ke5 53.
Bxh5 Kxe4 54. Kg4 Ke5 55. Be8 Be3 56. h5 Kf6 57. h6 c6 58. Kf3 Bb6 59. h7 Kg7
60. Bg6 c5 61. Kxf4 c4 62. Bc2 Kh8 63. Ke5 c3 64. Kd6 1-0

[Event "5. OPEN International Championship of Vo"]
[Site "Novi Sad - MASTER CENTAR - SAJ"]
[Date "2014.07.12"]
[Round "2.17"]
[White "Cica, Dragan"]
[Black "Obodchuk, Andrei"]
[Result "0-1"]
[WhiteElo "2152"]
[BlackElo "2374"]
[PlyCount "54"]
[EventDate "2014.07.12"]

1. e4 c5 2. Nf3 Nc6 3. d4 cxd4 4. Nxd4 Nf6 5. Nc3 d6 6. Be2 e5 7. Nb3 Be7 8.
O-O a5 9. a4 O-O 10. Be3 Be6 11. f3 Nb4 12. Nb5 d5 13. c3 Nc6 14. exd5 Nxd5 15.
Bf2 Nf4 16. Nc5 Bxc5 17. Bxc5 Qg5 18. g3 Rfd8 19. Qe1 Rd2 20. Bd1 Rxb2 21. Be3
Qh5 22. Rf2 Nh3+ 23. Kh1 Nxf2+ 24. Bxf2 Rd8 25. g4 Qh3 26. Bg3 Rdd2 27. Qg1 Rg2
0-1

[Event "5. OPEN International Championship of Vo"]
[Site "Novi Sad - MASTER CENTAR - SAJ"]
[Date "2014.07.12"]
[Round "2.18"]
[White "Mrkonjic, Nenad"]
[Black "Kovacevic, Goran B"]
[Result "1-0"]
[WhiteElo "2373"]
[BlackElo "2136"]
[PlyCount "63"]
[EventDate "2014.07.12"]

1. d4 Nf6 2. Nf3 e6 3. g3 Be7 4. Bg2 O-O 5. O-O d5 6. c4 dxc4 7. Ne5 c5 8. dxc5
Bxc5 9. Nc3 Bd4 10. Nxc4 Nc6 11. Nb5 e5 12. Bg5 h6 13. Bxf6 Qxf6 14. e3 Bc5 15.
Rc1 Rd8 16. Qh5 Bf5 17. Rfd1 Rxd1+ 18. Rxd1 Bg6 19. Qe2 Rd8 20. Nc3 Rxd1+ 21.
Qxd1 Qe6 22. Bd5 Qe7 23. Qg4 Kh7 24. Qc8 Bb4 25. Bxc6 bxc6 26. Qxc6 Bxc3 27.
bxc3 e4 28. Qd5 f5 29. Ne5 Bh5 30. h3 Be2 31. Nc6 Qf6 32. Nd4 1-0

[Event "5. OPEN International Championship of Vo"]
[Site "Novi Sad - MASTER CENTAR - SAJ"]
[Date "2014.07.12"]
[Round "2.19"]
[White "Burovic, Ismet"]
[Black "Srdjanov, Stevan"]
[Result "1-0"]
[WhiteElo "2366"]
[BlackElo "2131"]
[PlyCount "129"]
[EventDate "2014.07.12"]

1. e4 g6 2. d4 Bg7 3. Nc3 d6 4. Be3 a6 5. Qd2 Nd7 6. a4 b6 7. Bc4 Bb7 8. f3
Ngf6 9. Nge2 c6 10. Nf4 O-O 11. h4 e5 12. dxe5 dxe5 13. Nfe2 Qe7 14. Ba2 Rfd8
15. Nc1 Nc5 16. Qf2 a5 17. Nb3 Nfd7 18. h5 Nxb3 19. Bxb3 Nc5 20. Ba2 Bc8 21.
hxg6 hxg6 22. Qg3 Be6 23. Qh2 Kf8 24. Qh7 Qf6 25. Qh4 Qxh4+ 26. Rxh4 Bxa2 27.
Rxa2 Ke7 28. Nb1 Bf6 29. Rh1 Rh8 30. Rg1 Nd7 31. Nd2 Kd6 32. Nc4+ Kc7 33. Ra1
Be7 34. Kf2 f6 35. Rad1 Nc5 36. b3 Rh7 37. Rh1 Rah8 38. Rxh7 Rxh7 39. Nb2 Ne6
40. Nd3 Rh8 41. Ra1 Rh7 42. Ke2 Rh2 43. Rg1 Kb7 44. Kf2 Bd6 45. Ra1 Kc7 46. c3
Nc5 47. Bxc5 Bxc5+ 48. Nxc5 bxc5 49. Rg1 Rh8 50. Ra1 Rb8 51. Rb1 Rd8 52. Ke2
Rh8 53. Kd3 Rd8+ 54. Kc4 Kb6 55. Rh1 f5 56. Rh6 Rg8 57. Rh7 fxe4 58. fxe4 Re8
59. Rg7 Re6 60. Rf7 Rd6 61. Rg7 Rf6 62. g3 Re6 63. Rd7 Re8 64. Rf7 Rg8 65. Re7
1-0

[Event "5. OPEN International Championship of Vo"]
[Site "Novi Sad - MASTER CENTAR - SAJ"]
[Date "2014.07.12"]
[Round "2.20"]
[White "Milenkovic, Zoran"]
[Black "Egorov, Evgeny"]
[Result "0-1"]
[WhiteElo "2127"]
[BlackElo "2358"]
[PlyCount "46"]
[EventDate "2014.07.12"]

1. Nf3 d5 2. g3 Nc6 3. c4 dxc4 4. Na3 e5 5. Qc2 Bxa3 6. bxa3 Be6 7. Rb1 Rb8 8.
Bg2 f6 9. h4 Nge7 10. h5 O-O 11. g4 b5 12. a4 b4 13. g5 f5 14. d3 cxd3 15. exd3
b3 16. axb3 Nb4 17. Qc3 Ned5 18. Qd2 Nf4 19. O-O Nxg2 20. Kxg2 Qxd3 21. Ba3 Qe4
22. Qc3 Bd5 23. Rg1 Nd3 0-1

[Event "5. OPEN International Championship of Vo"]
[Site "Novi Sad - MASTER CENTAR - SAJ"]
[Date "2014.07.12"]
[Round "2.21"]
[White "Strebkovs, Andrejs"]
[Black "Ratsma, Midas"]
[Result "1-0"]
[WhiteElo "2357"]
[BlackElo "2123"]
[PlyCount "131"]
[EventDate "2014.07.12"]

1. Nf3 Nf6 2. g3 d5 3. Bg2 e6 4. c4 Be7 5. O-O O-O 6. d4 c6 7. Qc2 Nbd7 8. Nbd2
b5 9. b3 bxc4 10. bxc4 c5 11. Rd1 Ba6 12. Ne5 cxd4 13. Nc6 Qe8 14. Qa4 Bd6 15.
Qxa6 Nc5 16. Qb5 a6 17. Qb6 Na4 18. Qb7 Nc5 19. Qb6 Na4 20. Qxd4 Qxc6 21. Nb3
Qc7 22. cxd5 Nc3 23. Re1 exd5 24. Bb2 Be5 25. Qd3 Nce4 26. Rec1 Qd6 27. Bxe5
Qxe5 28. Qd4 Qh5 29. Bf3 Qg5 30. Nc5 Rac8 31. Nd3 Qd2 32. Qb2 Qxb2 33. Nxb2 d4
34. Nd3 Rc3 35. Nb4 a5 36. Nc6 Ra3 37. Rc2 Nc3 38. Nxd4 Ncd5 39. Nc6 h6 40. Rd1
Nb4 41. Nxb4 axb4 42. Rb1 Rb8 43. Rb3 Ra4 44. Rcb2 Kh7 45. e3 Rb6 46. Rd3 Rba6
47. Rdd2 g6 48. Bd1 R4a5 49. Bb3 Kg7 50. Rd4 Rb6 51. Rc2 Ra7 52. Rcc4 Rab7 53.
Rc8 Rb8 54. Rxb8 Rxb8 55. Kf1 Rb7 56. Ba4 Ra7 57. Bb3 Rb7 58. Ke2 h5 59. h3 Nh7
60. f4 Nf6 61. Kd3 Kh6 62. e4 g5 63. Rd6 Kg6 64. e5 Rd7 65. Ba4 Rxd6+ 66. exd6
1-0

[Event "5. OPEN International Championship of Vo"]
[Site "Novi Sad - MASTER CENTAR - SAJ"]
[Date "2014.07.12"]
[Round "2.22"]
[White "Rajkovic, Mladen"]
[Black "Draskovic, Luka"]
[Result "0-1"]
[WhiteElo "2116"]
[BlackElo "2340"]
[PlyCount "92"]
[EventDate "2014.07.12"]

1. e4 d6 2. d4 Nf6 3. Nc3 e5 4. dxe5 dxe5 5. Qxd8+ Kxd8 6. Bg5 Be6 7. O-O-O+
Kc8 8. f3 Nbd7 9. Bd3 c6 10. Nge2 h6 11. Be3 Bc5 12. Bxc5 Nxc5 13. g4 b5 14. b3
a5 15. Ng3 g6 16. Be2 Kc7 17. Nb1 Rad8 18. a3 Bc8 19. Bd3 Ne6 20. Ne2 h5 21. h3
Kb6 22. Nd2 Rd7 23. Kb2 Rdd8 24. Rdg1 Nd7 25. b4 c5 26. bxa5+ Kxa5 27. Nb3+ Kb6
28. c4 Nf6 29. Kc2 Rxd3 30. Kxd3 bxc4+ 31. Kxc4 Ba6+ 32. Kc3 Bxe2 33. Nd2 Ra8
34. Ra1 Nd4 35. g5 Nd7 36. Rh2 Ra4 37. Rf2 Bb5 38. Kb2 Ne2 39. Nf1 Rd4 40. a4
Rb4+ 41. Kc2 Nd4+ 42. Kc3 Rb3+ 43. Kd2 Ba6 44. a5+ Kc6 45. Ke1 c4 46. Rc1 Nc5
0-1

[Event "5. OPEN International Championship of Vo"]
[Site "Novi Sad - MASTER CENTAR - SAJ"]
[Date "2014.07.12"]
[Round "2.23"]
[White "Popchev, Milko"]
[Black "Zarkovic, Mila"]
[Result "1-0"]
[WhiteElo "2331"]
[BlackElo "2112"]
[PlyCount "65"]
[EventDate "2014.07.12"]

1. b3 e6 2. Bb2 Nf6 3. Nf3 c5 4. g3 Nc6 5. Bg2 Be7 6. O-O O-O 7. d4 cxd4 8.
Nxd4 Qb6 9. Nxc6 bxc6 10. c4 d5 11. Nd2 Rd8 12. Qc2 Ba6 13. e4 Rac8 14. Rfe1
Ng4 15. Re2 d4 16. Qd3 Ne5 17. Qb1 d3 18. Re1 Ng4 19. Rf1 Bc5 20. Qe1 Bd4 21.
Bxd4 Qxd4 22. Kh1 c5 23. h3 Ne5 24. Rd1 Bb7 25. f4 Nc6 26. Nf3 Qb2 27. Rf2 Qa3
28. Rfd2 Nb4 29. Ne5 Qa5 30. Qf2 Rd4 31. Nxd3 Bxe4 32. Bxe4 Rxe4 33. Nxc5 1-0

[Event "5. OPEN International Championship of Vo"]
[Site "Novi Sad - MASTER CENTAR - SAJ"]
[Date "2014.07.12"]
[Round "2.24"]
[White "Vlaovic, Djordje"]
[Black "Nestorovic, Lazar"]
[Result "0-1"]
[WhiteElo "2111"]
[BlackElo "2331"]
[PlyCount "58"]
[EventDate "2014.07.12"]

1. e4 e5 2. Nc3 Bc5 3. Na4 Be7 4. Nf3 Nc6 5. Bb5 a6 6. Bxc6 dxc6 7. h3 Nf6 8.
d3 Nd7 9. Be3 O-O 10. g4 Re8 11. Qd2 c5 12. Nc3 c6 13. Ne2 Bd6 14. Ng3 Nf8 15.
Nf5 Ne6 16. O-O-O Nd4 17. Bxd4 cxd4 18. Qg5 Qxg5+ 19. Nxg5 Bf8 20. f4 g6 21.
fxe5 gxf5 22. gxf5 Bh6 23. Rdg1 Rxe5 24. Kb1 Bxg5 25. Rxg5+ Kh8 26. Rhg1 Bd7
27. h4 Ree8 28. c3 dxc3 29. bxc3 f6 0-1

[Event "5. OPEN International Championship of Vo"]
[Site "Novi Sad - MASTER CENTAR - SAJ"]
[Date "2014.07.12"]
[Round "2.25"]
[White "Doric, Nenad"]
[Black "Opacic, Alexandar"]
[Result "1-0"]
[WhiteElo "2316"]
[BlackElo "2110"]
[PlyCount "63"]
[EventDate "2014.07.12"]

1. e4 c5 2. Nf3 Nc6 3. c3 d5 4. exd5 Qxd5 5. d4 Bg4 6. dxc5 Qxd1+ 7. Kxd1 e5 8.
b4 e4 9. h3 Bxf3+ 10. gxf3 exf3 11. Nd2 O-O-O 12. Kc2 Ne5 13. Nc4 Ng6 14. h4 h5
15. Bd3 Be7 16. Bxg6 fxg6 17. Ne5 Bf6 18. Nf7 Ne7 19. Nxh8 Rxh8 20. Bg5 Bxg5
21. hxg5 Rf8 22. Rhe1 Nd5 23. Re6 Nf4 24. Re7 Nh3 25. Rf1 Rf5 26. Rxg7 Rxg5 27.
Re1 Kd8 28. Ree7 Nxf2 29. Rxb7 Kc8 30. Rxa7 Kb8 31. Rgb7+ Kc8 32. c6 1-0

[Event "5. OPEN International Championship of Vo"]
[Site "Novi Sad - MASTER CENTAR - SAJ"]
[Date "2014.07.12"]
[Round "2.26"]
[White "Velikic, Adela"]
[Black "Pantelic, Sasa"]
[Result "1/2-1/2"]
[WhiteElo "2107"]
[BlackElo "2312"]
[PlyCount "145"]
[EventDate "2014.07.12"]

1. d4 Nf6 2. Nf3 g6 3. Nc3 d5 4. Bf4 Bg7 5. e3 O-O 6. Bd3 c5 7. O-O Bg4 8. h3
Bxf3 9. Qxf3 Nc6 10. dxc5 h6 11. e4 e5 12. exd5 Nd4 13. Qe3 Nxd5 14. Nxd5 exf4
15. Nxf4 Re8 16. Qc1 Qg5 17. Kh1 Rac8 18. c3 Rxc5 19. Re1 Rxe1+ 20. Qxe1 Qxf4
21. cxd4 Bxd4 22. Qe4 Rc1+ 23. Rxc1 Qxc1+ 24. Kh2 Bxf2 25. Qe8+ Kg7 26. Qe5+
Kh7 27. h4 Qg1+ 28. Kh3 Qh1+ 29. Qh2 Qxh2+ 30. Kxh2 Bxh4 31. Kh3 Bf6 32. b3 h5
33. Kg3 Be5+ 34. Kf3 f5 35. Ke3 Kh6 36. Bc4 Kg5 37. Bf7 h4 38. Kf3 Kf6 39. Bd5
b6 40. Bc4 g5 41. Bd5 Bd4 42. Bb7 Ke5 43. Bc8 g4+ 44. Ke2 Kf4 45. Kf1 h3 46.
gxh3 gxh3 47. Bd7 Kf3 48. Be6 Kg3 49. Ke2 f4 50. Bd5 b5 51. Bc6 b4 52. Bd5 Bb6
53. Bc6 Kh4 54. Bd5 Kg5 55. Bb7 h2 56. Bc6 Kf5 57. Bf3 Ke5 58. Kd3 a5 59. Bg2
Kd6 60. Bf3 Kc5 61. Bg2 Bc7 62. Bf3 a4 63. Bg2 a3 64. Bf3 Be5 65. Bg2 Bd4 66.
Bf3 Be3 67. Bg2 Kd6 68. Bf3 Ke5 69. Bg2 Kf5 70. Bf3 Bc5 71. Bh1 f3 72. Bxf3 Kf4
73. Ke2 1/2-1/2